| 000 | 00987nac a22003017a 4500 | ||
|---|---|---|---|
| 001 | BR7405799 | ||
| 003 | BR-BrBNA | ||
| 005 | 20240105113807.0 | ||
| 008 | 230509b bl.|||m| |||| 00| 0 por d | ||
| 040 |
_aBR-BrBNA _bpor _cBiblioteca Nacional de Agricultura |
||
| 072 | _aE70 | ||
| 090 | _a0430 BR7405799 | ||
| 110 | 1 |
_aSecretaria da Agricultura, Natal, RN (Brasil) _98477 |
|
| 245 | 1 | _aAlgodao em pluma produzido pelo Rio Grande do Norte - Decenio - 63/72. Safra 72/73 [Gossypium spp.; Brasil] | |
| 260 | 3 |
_aNatal, RN (Brasil): _c[nd]. |
|
| 300 | _a42 p. | ||
| 490 |
_aBoletim Estatistico - Secretaria da Agricultura (Brazil) _v _x |
||
| 500 | _aNumerical data; Published 1974? | ||
| 650 | _aCOMERCIALIZACAO | ||
| 650 | _aTECNOLOGIA DE ALIMENTO | ||
| 650 | _aALGODAO | ||
| 650 | _aBENEFICIAMENTO | ||
| 650 | _aCONTROLE DE QUALIDADE | ||
| 650 | _aPRODUCAO | ||
| 650 | _aRIO GRANDE DO NORTE | ||
| 909 |
_a202312 _bLúcia Elande _c55 _dLúcia Elande |
||
| 942 |
_2AGRIS _n0 _cMS |
||
| 999 |
_c265605 _d265605 |
||